Baptised with fire : (Record no. 7660)

MARC details
000 -LEADER
fixed length control field 01030cam a2200349 i 4500
001 - CONTROL NUMBER
control field 131022
003 - CONTROL NUMBER IDENTIFIER
control field OSt
005 - DATE AND TIME OF LATEST TRANSACTION
control field 20190214203648.0
008 - FIXED-LENGTH DATA ELEMENTS--GENERAL INFORMATION
fixed length control field 830930s1981 enk 000 0 eng d
020 ## - INTERNATIONAL STANDARD BOOK NUMBER
International Standard Book Number 0720804841
035 ## - SYSTEM CONTROL NUMBER
System control number (CStRLIN)NJPT08224667X
035 ## - SYSTEM CONTROL NUMBER
System control number (CaOTULAS)108224667
035 ## - SYSTEM CONTROL NUMBER
System control number (OCoLC)ocm09964988
035 ## - SYSTEM CONTROL NUMBER
System control number 131022
040 ## - CATALOGING SOURCE
Original cataloging agency PTS
Language of cataloging eng
Description conventions rda
Transcribing agency PTS
082 ## - DEWEY DECIMAL CLASSIFICATION NUMBER
Classification number 262
Item number W873b
090 ## - LOCALLY ASSIGNED LC-TYPE CALL NUMBER (OCLC); LOCAL CALL NUMBER (RLIN)
Classification number (OCLC) (R) ; Classification number, CALL (RLIN) (NR) BV3790
Local cutter number (OCLC) ; Book number/undivided call number, CALL (RLIN) .W87
100 1# - MAIN ENTRY--PERSONAL NAME
Personal name Wood, A. Skevington,
Dates associated with a name 1916-1993.
245 10 - TITLE STATEMENT
Title Baptised with fire :
Remainder of title God promises revival /
Statement of responsibility, etc. A. Skevington Wood.
250 ## - EDITION STATEMENT
Edition statement Paperback edition.
264 #1 - PRODUCTION, PUBLICATION, DISTRIBUTION, MANUFACTURE, AND COPYRIGHT NOTICE
Place of production, publication, distribution, manufacture London :
Name of producer, publisher, distributor, manufacturer Pickering & Inglis,
Date of production, publication, distribution, manufacture, or copyright notice 1981.
300 ## - PHYSICAL DESCRIPTION
Extent 176 pages ;
Dimensions 21 cm
336 ## - CONTENT TYPE
Content type term text
Content type code txt
Source rdacontent
337 ## - MEDIA TYPE
Media type term unmediated
Media type code n
Source rdamedia
338 ## - CARRIER TYPE
Carrier type term volume
Carrier type code nc
Source rdacarrier
500 ## - GENERAL NOTE
General note "This book was previously issued under the title And with fire"--T.p. verso.
650 #0 - SUBJECT ADDED ENTRY--TOPICAL TERM
Topical term or geographic name entry element Church renewal.
650 #0 - SUBJECT ADDED ENTRY--TOPICAL TERM
Topical term or geographic name entry element Revivals.
740 0# - ADDED ENTRY--UNCONTROLLED RELATED/ANALYTICAL TITLE
Uncontrolled related/analytical title And with fire.
942 ## - ADDED ENTRY ELEMENTS (KOHA)
Source of classification or shelving scheme Dewey Decimal Classification
Koha item type Books
945 ## - LOCAL PROCESSING INFORMATION (OCLC)
a MARCIVE20181205
Holdings
Withdrawn status Lost status Source of classification or shelving scheme Damaged status Not for loan Collection code Home library Current library Shelving location Date acquired Cost, normal purchase price Total Checkouts Full call number Barcode Date last seen Price effective from Koha item type
    Dewey Decimal Classification     Non-fiction Harvest Mission College Harvest Mission College General Stacks 14.02.2019 250.00   262 W873b 008717 14.02.2019 14.02.2019 Books

OPAC Designed and Maintained by HMC Library Team.
Copyright © HMC Library,Greater Noida, UP.
For any Suggestions/Query Contact library via Email:libhmc@gmail.com